<?xml version="1.0" encoding="UTF-8"?>
<record
    xmlns:xsi="http://www.w3.org/2001/XMLSchema-instance"
    xsi:schemaLocation="http://www.loc.gov/MARC21/slim http://www.loc.gov/standards/marcxml/schema/MARC21slim.xsd"
    xmlns="http://www.loc.gov/MARC21/slim">

  <leader>01012nam a22002777a 4500</leader>
  <controlfield tag="005">20240517113723.0</controlfield>
  <datafield tag="010" ind1=" " ind2=" ">
    <subfield code="a">ENG-140358-59</subfield>
  </datafield>
  <datafield tag="020" ind1=" " ind2=" ">
    <subfield code="a">9788196533205(Vol 1)</subfield>
    <subfield code="c">3256.00</subfield>
  </datafield>
  <datafield tag="020" ind1=" " ind2=" ">
    <subfield code="a">9788196533281(Vol 2)</subfield>
    <subfield code="c">3256.00</subfield>
  </datafield>
  <datafield tag="035" ind1=" " ind2=" ">
    <subfield code="a">EN-123890-91</subfield>
  </datafield>
  <datafield tag="037" ind1=" " ind2=" ">
    <subfield code="b">DBAD</subfield>
  </datafield>
  <datafield tag="082" ind1=" " ind2=" ">
    <subfield code="a">578.7340954</subfield>
  </datafield>
  <datafield tag="245" ind1=" " ind2=" ">
    <subfield code="a">Compendium on Phytodiversity of Ramsar sites in India/</subfield>
    <subfield code="c">Edited by A.A  Mao...[et.al]</subfield>
  </datafield>
  <datafield tag="260" ind1=" " ind2=" ">
    <subfield code="a">Kolkata</subfield>
    <subfield code="b">Botanical Survey of India</subfield>
    <subfield code="c">2018</subfield>
  </datafield>
  <datafield tag="270" ind1=" " ind2=" ">
    <subfield code="a">Ministry of Environment,Forest &amp; Climate Change,Govt.of India,3rd MSO Building,CGO Complex</subfield>
    <subfield code="b">Kolkata</subfield>
    <subfield code="e">700064</subfield>
  </datafield>
  <datafield tag="300" ind1=" " ind2=" ">
    <subfield code="a">xxi,732p. </subfield>
    <subfield code="c">29cm.(Hb)</subfield>
    <subfield code="b">ill.,col</subfield>
  </datafield>
  <datafield tag="490" ind1=" " ind2=" ">
    <subfield code="v">Vol 1, Vol 2</subfield>
  </datafield>
  <datafield tag="700" ind1=" " ind2=" ">
    <subfield code="a">Mao, A.A </subfield>
    <subfield code="e">Editor</subfield>
    <subfield code="9">66297</subfield>
  </datafield>
  <datafield tag="700" ind1=" " ind2=" ">
    <subfield code="a">Agrawala, D.K</subfield>
    <subfield code="e">Editor</subfield>
    <subfield code="9">66298</subfield>
  </datafield>
  <datafield tag="700" ind1=" " ind2=" ">
    <subfield code="a">Dash, S.S</subfield>
    <subfield code="e">Editor</subfield>
    <subfield code="9">66299</subfield>
  </datafield>
  <datafield tag="700" ind1=" " ind2=" ">
    <subfield code="a">C.P, Vivek</subfield>
    <subfield code="e">Editor</subfield>
    <subfield code="9">66300</subfield>
  </datafield>
  <datafield tag="700" ind1=" " ind2=" ">
    <subfield code="a">Mukherjee, Sinjini</subfield>
    <subfield code="e">Editor</subfield>
    <subfield code="9">66301</subfield>
  </datafield>
  <datafield tag="700" ind1=" " ind2=" ">
    <subfield code="a">Jayanthi, J</subfield>
    <subfield code="e">Editor</subfield>
    <subfield code="9">66302</subfield>
  </datafield>
  <datafield tag="700" ind1=" " ind2=" ">
    <subfield code="a">Jalal, J.S</subfield>
    <subfield code="e">Editor</subfield>
    <subfield code="9">66303</subfield>
  </datafield>
  <datafield tag="942" ind1=" " ind2=" ">
    <subfield code="2">ddc</subfield>
    <subfield code="c">EN</subfield>
    <subfield code="h">578.7340954</subfield>
    <subfield code="m">COM</subfield>
  </datafield>
  <datafield tag="999" ind1=" " ind2=" ">
    <subfield code="c">202913</subfield>
    <subfield code="d">202913</subfield>
  </datafield>
  <datafield tag="952" ind1=" " ind2=" ">
    <subfield code="0">0</subfield>
    <subfield code="1">0</subfield>
    <subfield code="3">Vol1 </subfield>
    <subfield code="4">0</subfield>
    <subfield code="7">1</subfield>
    <subfield code="8">REF</subfield>
    <subfield code="a">AV</subfield>
    <subfield code="b">AV</subfield>
    <subfield code="d">2024-05-17</subfield>
    <subfield code="e">DBAD</subfield>
    <subfield code="g">3256.00</subfield>
    <subfield code="l">0</subfield>
    <subfield code="o">578.7340954 COM</subfield>
    <subfield code="p">EN-123890</subfield>
    <subfield code="r">2024-05-17 00:00:00</subfield>
    <subfield code="t">1</subfield>
    <subfield code="v">3256.00</subfield>
    <subfield code="w">2024-05-17</subfield>
    <subfield code="y">EN</subfield>
  </datafield>
  <datafield tag="952" ind1=" " ind2=" ">
    <subfield code="0">0</subfield>
    <subfield code="1">0</subfield>
    <subfield code="3">Vol 2</subfield>
    <subfield code="4">0</subfield>
    <subfield code="7">1</subfield>
    <subfield code="8">REF</subfield>
    <subfield code="a">AV</subfield>
    <subfield code="b">AV</subfield>
    <subfield code="d">2024-05-17</subfield>
    <subfield code="e">DBAD</subfield>
    <subfield code="g">3256.00</subfield>
    <subfield code="l">0</subfield>
    <subfield code="o">578.7340954 COM</subfield>
    <subfield code="p">EN-123891</subfield>
    <subfield code="r">2024-05-17 00:00:00</subfield>
    <subfield code="t">1</subfield>
    <subfield code="v">3256.00</subfield>
    <subfield code="w">2024-05-17</subfield>
    <subfield code="y">EN</subfield>
  </datafield>
</record>
